Pla per a la renovació de la Diputació de Barcelona : document del pla de desplegament operatiu document del pla de desplegament operatiu
ISBN:
84-7794-291-9
Descripción Física:
65 p. ; 30 cm
MARC
| LEADER | 00000nam a2200000Ia 4500 | ||
|---|---|---|---|
| 001 | 11657 | ||
| 008 | 160829s1996 xx 000 0 cat d | ||
| 020 | |a 84-7794-291-9 | ||
| 080 | |a M-3-215 | ||
| 110 | 1 | |a Barcelona (Catalunya : Província). |b Diputació |9 52408 | |
| 245 | |a Pla per a la renovació de la Diputació de Barcelona : |b document del pla de desplegament operatiu | ||
| 250 | |a 2a reimp. | ||
| 260 | |a Barcelona : |b Diputació de Barcelona, |c 1996 | ||
| 300 | |a 65 p. ; |c 30 cm | ||
| 590 | |a Una altra reimpressió en castellà: M-3-216 | ||
| 610 | 1 | 0 | |a Barcelona (Catalunya : Província). |b Diputació |v Planificació |9 52706 |
| 901 | |a Arxiu | ||
| 942 | |n 1 | ||
| 952 | |0 0 |1 0 |4 0 |6 M3215 |7 1 |9 48013 |a Arxiu |b Arxiu |d 2016-12-01 |l 0 |o M-3-215 |p 11657 |r 2016-12-01 00:00:00 |w 2016-12-01 |y ARXIU | ||
| 999 | |c 51814 |d 51814 | ||